China's capitalist transformation (Record no. 81027)

MARC details
000 -LEADER
fixed length control field 03160namaa2200421uu 4500
001 - CONTROL NUMBER
control field doab134761
003 - CONTROL NUMBER IDENTIFIER
control field oapen
005 - DATE AND TIME OF LATEST TRANSACTION
control field 20260218110431.0
006 - FIXED-LENGTH DATA ELEMENTS--ADDITIONAL MATERIAL CHARACTERISTICS
fixed length control field m o d
007 - PHYSICAL DESCRIPTION FIXED FIELD--GENERAL INFORMATION
fixed length control field cr|mn|---annan
008 - FIXED-LENGTH DATA ELEMENTS--GENERAL INFORMATION
fixed length control field 240224s2024 xx |||||o ||| 0|eng d
020 ## - INTERNATIONAL STANDARD BOOK NUMBER
International Standard Book Number 9783110773163
020 ## - INTERNATIONAL STANDARD BOOK NUMBER
International Standard Book Number 9783110773248
020 ## - INTERNATIONAL STANDARD BOOK NUMBER
International Standard Book Number 9783110773248
020 ## - INTERNATIONAL STANDARD BOOK NUMBER
International Standard Book Number 9783110773286
024 7# - OTHER STANDARD IDENTIFIER
Standard number or code 10.1515/9783110773248
Source of number or code doi
040 ## - CATALOGING SOURCE
Original cataloging agency oapen
Transcribing agency oapen
Modifying agency
041 0# - LANGUAGE CODE
Language code of text/sound track or separate title eng
042 ## - AUTHENTICATION CODE
Authentication code dc
245 00 - TITLE STATEMENT
Title China's capitalist transformation
Remainder of title The rhetoric that mattered
260 ## - PUBLICATION, DISTRIBUTION, ETC.
Place of publication, distribution, etc. Berlin/Boston
Name of publisher, distributor, etc. De Gruyter
Date of publication, distribution, etc. 2024
300 ## - PHYSICAL DESCRIPTION
Extent 1 online resource (229 p.)
336 ## - CONTENT TYPE
Content type term text
Content type code txt
Source rdacontent
337 ## - MEDIA TYPE
Media type term computer
Media type code c
Source rdamedia
338 ## - CARRIER TYPE
Carrier type term online resource
Carrier type code cr
Source rdacarrier
506 0# - RESTRICTIONS ON ACCESS NOTE
Standardized terminology for access restriction Unrestricted online access
Source of term star
520 ## - SUMMARY, ETC.
Summary, etc. This book provides a rare account of China's market reform in the own words of the Chinese: politicians, intellectuals, the media, and journalists. The Chinese rhetoric-complex, ironic, argumentative, and abstruse-may hold the key to understanding China's unique style of elite politics, state-citizen relationship, and institutional development. Topics include the establishment and change of the stock market and the recent institutionalization of the private equity industry. Rhetoricizing the Chinese capitalist transformation provides a glimpse into how the Chinese minds work as Chinese people participate in the process of changing the country and themselves. Adopting both an indigenous perspective and an outsider view on China, this book serves as a guide for anyone interested in learning how Chinese reason, persuade, debate, and resist. ; This book provides a rare account of China's market reform in the own words of the Chinese: politicians, intellectuals, the media, and journalists. The Chinese rhetoric-complex, ironic, argumentative, and abstruse-may hold the key to understanding China's unique style of elite politics, state-citizen relationship, and institutional development. Topics include the establishment and change of the stock market and the recent institutionalization of the private equity industry. Rhetoricizing the Chinese capitalist transformation provides a glimpse into how the Chinese minds work as Chinese people participate in the process of changing the country and themselves. Adopting both an indigenous perspective and an outsider view on China, this book serves as a guide for anyone interested in learning how Chinese reason, persuade, debate, and resist.
540 ## - TERMS GOVERNING USE AND REPRODUCTION NOTE
Terms governing use and reproduction Creative Commons
-- by-nc-nd/4.0
-- cc
Uniform Resource Identifier <a href="http://creativecommons.org/licenses/by-nc-nd/4.0">http://creativecommons.org/licenses/by-nc-nd/4.0</a>
546 ## - LANGUAGE NOTE
Language note English
650 #7 - SUBJECT ADDED ENTRY--TOPICAL TERM
Topical term or geographic name entry element Ownership & organization of enterprises
Source of heading or term bicssc
650 #7 - SUBJECT ADDED ENTRY--TOPICAL TERM
Topical term or geographic name entry element Political science & theory
Source of heading or term bicssc
650 #7 - SUBJECT ADDED ENTRY--TOPICAL TERM
Topical term or geographic name entry element Postwar 20th century history, from c 1945 to c 2000
Source of heading or term bicssc
650 #7 - SUBJECT ADDED ENTRY--TOPICAL TERM
Topical term or geographic name entry element Regional studies
Source of heading or term bicssc
720 1# - ADDED ENTRY--UNCONTROLLED NAME
Name Li, Yuan
Relator code aut
793 0# -
-- DOAB Library.
856 ## - ELECTRONIC LOCATION AND ACCESS
Uniform Resource Identifier <a href="https://docs.google.com/spreadsheets/d/1yKIrdCPDAG_9c22mwoOIO2DOhtj65Wqa/edit?usp=sharing&ouid=106555315294820607512&rtpof=true&sd=true ">https://docs.google.com/spreadsheets/d/1yKIrdCPDAG_9c22mwoOIO2DOhtj65Wqa/edit?usp=sharing&ouid=106555315294820607512&rtpof=true&sd=true </a>
Link text List of Curated E-Books
942 ## - ADDED ENTRY ELEMENTS (KOHA)
Koha item type E-Book
Holdings
Withdrawn status Damaged status Not for loan Home library Current library Date acquired Total Checkouts Date last seen Price effective from Koha item type
      Directory of Open Access Books Directory of Open Access Books 12/09/2024   12/09/2024 12/09/2024 E-Book

University of Rizal System
Email us at univlibservices@urs.edu.ph

Visit our Website www.urs.edu.ph/library